All Future Songs - Statistics

General Stats
  • This quiz has been taken 712 times
    488 since last reset
  • The average score is 51 of 481
Answer Stats
Album Song % Correct
Future Mask Off
70%
Hndrxx Solo
62%
Monster Codeine Crazy
60%
Evol Low Life
52%
I NEVER LIKED YOU WAIT FOR U
52%
What a Time to Be Alive Jumpman
51%
High Off Life Life Is Good
50%
56 Nights March Madness
50%
Monster Monster
50%
DS2 I Serve the Base
46%
Monster Throw Away
46%
Monster F**k Up Some Commas
45%
Pluto 3D My
45%
I NEVER LIKED YOU PUFFIN ON ZOOTIEZ
45%
DS2 Thought It Was a Drought
45%
I NEVER LIKED YOU 712PM
42%
Purple Reign Purple Reign
42%
56 Nights 56 Nights
41%
DS2 Stick Talk
41%
DS2 Where Ya At
40%
DS2 The Percocet & Stripper Joint
38%
Free Bricks Go
35%
Hndrxx My Collection
35%
Hndrxx Sorry
35%
Super Slimey Three
35%
Wrld on Drugs Fine China
33%
DS2 Rich Sex
33%
What a Time to Be Alive Diamonds Dancing
32%
Honest Honest
32%
Black Panther: The Album King's Dead
32%
I NEVER LIKED YOU I'M DAT N****
31%
Honest Sh*t
31%
No Sleep Sh!t (Remix)
31%
Pluto x Baby Pluto Drankin N Smokin
30%
What a Time to Be Alive Jersey
30%
Single #5 Patek
30%
High Off Life Too Comfortable
30%
DS2 Groupies
29%
What a Time to Be Alive Digital Dash
28%
Free Bricks | Monster Radical
28%
Monster 2 Pac
27%
Future Draco
27%
Purple Reign Perkys Calling
27%
Beast Mode Real Sisters
27%
DS2 Slave Master
27%
Purple Reign Wicked
27%
Monster My Savages
26%
Pluto x Baby Pluto Plastic
26%
56 Nights Trap N***as
26%
Hndrxx Comin Out Strong
25%
DS2 Lil One
25%
What a Time to Be Alive Big Rings
24%
DS2 Colossal
24%
I NEVER LIKED YOU FOR A NUT
24%
DS2 Kno the Meaning
24%
DS2 Rotation
24%
What a Time to Be Alive Scholarships
24%
High Off Life Solitaires
24%
The WIZRD Unicorn Purp
24%
I NEVER LIKED YOU CHICKENS
23%
Future Feds Did a Sweep
23%
Astronaut Status Blow
22%
DS2 Blow a Bag
22%
DS2 Freak Hoe
22%
Monster Hardly
22%
I NEVER LIKED YOU KEEP IT BURNIN
22%
I NEVER LIKED YOU LOVE YOU BETTER
22%
Purple Reign News or Something
22%
High Off Life Trapped in the Sun
22%
What a Time to Be Alive 30 for 30 Freestyle
21%
56 Nights Diamonds from Africa
21%
Hndrxx Hallucinating
21%
I NEVER LIKED YOU HOLY GHOST
21%
I NEVER LIKED YOU I'M ON ONE
21%
Super Slimey Patek Water
21%
What a Time to Be Alive Plastic Bag
21%
Monster Wesley Presley
21%
Monster After That
20%
DS2 Blood on the Money
20%
The WIZRD First Off
20%
Monster Gangland
20%
I NEVER LIKED YOU GOLD STACKS
20%
Honest I Won
20%
Beast Mode Lay Up
20%
I NEVER LIKED YOU MASSAGING ME
20%
Save Me Xanax Damage
20%
Monster Fetti
19%
The WIZRD F&N
19%
Hndrxx Fresh Air
19%
High Off Life Hard to Choose One
19%
What a Time to Be Alive Live from the Gutter
19%
Monster Mad Luv
19%
Super Slimey No Cap
19%
Future POA
19%
Future Rent Money
19%
The WIZRD Stick to the Models
19%
I NEVER LIKED YOU VOODOO
19%
The WIZRD Crushed Up
18%
Save Me Extra
18%
Hndrxx Lookin Exotic
18%
The WIZRD Never Stop
18%
Hndrxx Selfish
18%
High Off Life Trillionaire
18%
Evol Xanny Family
18%
Evol Fly Sh*t Only
17%
F.B.G: The Movie | Monster | Purple Reign Intro
17%
1000 Intro (1000)
17%
Dirty Sprite Intro (Dirty Sprite)
17%
Future Mask Off (Remix)
17%
Hndrxx Pie
17%
Save Me St. Lucia
17%
Pluto Turn On the Lights
17%
Future Used to This
17%
High Off Life Accepting My Flaws
16%
Hndrxx Incredible
16%
The WIZRD Jumpin on a Jet
16%
High Off Life Ridin Strikers
16%
Hndrxx Use Me
16%
Single #9 Worst Day
16%
Hndrxx You da Baddest
16%
I NEVER LIKED YOU BACK TO THE BASICS
15%
The WIZRD Call the Coroner
15%
Save Me Government Official
15%
High Off Life HiTek Tek
15%
What a Time to Be Alive I'm the Plug
15%
Purple Reign Inside the Mattress
15%
Honest Move That Dope
15%
56 Nights Never Gon Lose
15%
Monster Showed Up
15%
The WIZRD Temptation
15%
High Off Life 100 Shooters
14%
Evol Ain't No Time
14%
High Off Life All Bad
14%
Wrld on Drugs Astronauts
14%
Future I'm So Groovy
14%
The WIZRD Krazy But True
14%
56 Nights No Compadre
14%
The WIZRD Rocket Ship
14%
Pluto Tony Montana
14%
True Story Tony Montana (Scarface)
14%
Hndrxx Turn on Me
14%
High Off Life Tycoon
14%
Wrld on Drugs WRLD On Drugs
14%
The WIZRD Baptiize
13%
What a Time to Be Alive Change Locations
13%
Hndrxx Damage
13%
Future Good Dope
13%
High Off Life Life Is Good (Remix)
13%
Evol Maybach
13%
The WIZRD Promise U That
13%
Save Me Shotgun
13%
Future Super Trapper
13%
Hndrxx Testify
13%
BEASTMODE 2 Wifi Lit
13%
Super Slimey 200
12%
Super Slimey All da Smoke
12%
Dirty Sprite Dirty Sprite
12%
Future Extra Luv
12%
BEASTMODE 2 Hate the Real Me
12%
Wrld on Drugs Jet Lag
12%
F.B.G: The Movie Karate Chop
12%
Save Me Love Thy Enemies
12%
Pluto x Baby Pluto Marni on Me
12%
Future Might as Well
12%
High Off Life One of My
12%
Beast Mode Peacoat
12%
High Off Life Posted with Demons
12%
Wrld on Drugs Realer N Realer
12%
Streetz Calling Same Damn Time
12%
Pluto x Baby Pluto That's It
12%
High Off Life Up the River
12%
Future Zoom
12%
The WIZRD Faceshot
11%
Super Slimey Feed Me Dope
11%
Evol In Her Mouth
11%
High Off Life Last Name
11%
The WIZRD Talk Sh*t Like a Preacher
11%
I NEVER LIKED YOU THE WAY THINGS GOING
11%
High Off Life Touch the Sky
11%
I NEVER LIKED YOU WE JUS WANNA GET HIGH
11%
Future When I Was Broke
11%
Super Slimey 4 da Gang
10%
Superfly (Original Motion Picture Soundtrack) Bag
10%
BEASTMODE 2 Cuddle My Wrist
10%
The WIZRD Goin Dummi
10%
Super Slimey Group Home
10%
Wrld on Drugs Hard Work Pays Off
10%
High Off Life Harlem Shake
10%
Future High Demand
10%
Hndrxx I Thank U
10%
DS2 Like I Never Left
10%
Evol Lil Haiti Baby
10%
Pluto x Baby Pluto Million Dollar Play
10%
Hndrxx New Illuminati
10%
56 Nights Now
10%
High Off Life Outer Space Bih
10%
Future Outta Time
10%
Future Poppin' Tags
10%
The WIZRD Servin Killa Kam
10%
Evol Seven Rings
10%
Pluto x Baby Pluto Stripes Like Burberry
10%
The WIZRD Tricks on Me
10%
BEASTMODE 2 31 Days
9%
The WIZRD Ain't Coming Back
9%
Purple Reign All Right
9%
Hndrxx Keep Quiet
9%
Evol Lie to Me
9%
Future Massage in My Room
9%
Super Slimey Mink Flow
9%
Hndrxx Neva Missa Lost
9%
Beast Mode Ooooooh
9%
Single #4 Over Your Head
9%
Wrld on Drugs Oxy
9%
Evol Photo Copied
9%
Pluto x Baby Pluto Real Baby Pluto
9%
Pluto x Baby Pluto Rockstar Chainz
9%
Future Scrape
9%
Astronaut Status Transform
9%
Wrld on Drugs 7AM Freestyle
8%
Honest Benz Friendz
8%
F.B.G: The Movie Love Me
8%
True Story Magic
8%
Pluto x Baby Pluto Moment of Clarity
8%
Purple Reign Never Forget
8%
The WIZRD Overdose
8%
High Off Life Pray for a Key
8%
Super Slimey Real Love
8%
Wrld on Drugs Red Bentley
8%
Wrld on Drugs Transformer
8%
Honest T-Shirt
8%
Pluto x Baby Pluto Bankroll
7%
Honest Blood, Sweat, Tears
7%
Future Flip
7%
Beast Mode Forever Eva
7%
Beast Mode Just Like Bruddas
7%
Honest Karate Chop (Remix)
7%
Honest Look Ahead
7%
Save Me Please Tell Me
7%
56 Nights Purple Coming In
7%
BEASTMODE 2 Red Light
7%
Purple Reign Salute
7%
Pluto x Baby Pluto Sleeping on the Floor
7%
Beast Mode Aintchu
6%
Pluto Astronaut Chick
6%
Pluto x Baby Pluto Bought a Bad B***h
6%
Purple Reign Bye Bye
6%
Honest Covered N Money
6%
BEASTMODE 2 Doh Doh
6%
Super Slimey Drip on Me
6%
Pluto x Baby Pluto I Don't Wanna Break Up
6%
Pluto x Baby Pluto Lullaby
6%
Pluto Neva End
6%
Purple Reign No Charge
6%
Evol Program
6%
BEASTMODE 2 Racks Blue
6%
Purple Reign Run Up
6%
Pluto x Baby Pluto She Never Been to Pluto
6%
Wrld on Drugs Shorty
6%
Honest Special
6%
BEASTMODE 2 When I Think About It
6%
Beast Mode Where I Came From
6%
Monster Abu's Boomin (Skit)
5%
Wrld on Drugs Afterlife
5%
Wrld on Drugs Ain't Livin' Right
5%
Astronaut Status Deeper Than the Ocean
5%
Wrld on Drugs Different
5%
Purple Reign Drippin' (How U Luv That)
5%
Pluto 3D First Class Flights
5%
Honest | No Sleep How Can I Not
5%
No Sleep How It Was
5%
Honest I Be U
5%
Honest I'll Be Yours
5%
Pluto 3D Jealous
5%
Honest My Momma
5%
Honest Never Satisfied
5%
Honest Side Effects
5%
BEASTMODE 2 Some More
5%
Pluto You Deserve It
5%
Honest Big Rube Speaks
4%
Free Bricks Free Brickz
4%
Pluto Homicide
4%
Pluto I'm Trippin'
4%
Astronaut Status Jordan Diddy
4%
Astronaut Status Jordan Diddy (Interlude)
4%
Beast Mode No Basic
4%
Pluto Parachute
4%
Pluto Permanent Scar
4%
Pluto 3D Same Damn Time (Remix)
4%
Astronaut Status Space Cadets
4%
Superfly (Original Motion Picture Soundtrack) Tie My Shoes
4%
Astronaut Status Birds Take a Bath
3%
No Sleep Dem
3%
Superfly (Original Motion Picture Soundtrack) Drive Itself
3%
Astronaut Status Future Back
3%
Astronaut Status Itchin'
3%
Pluto Long Live the Pimp
3%
Pluto | Pluto 3D Magic (Remix)
3%
Single #8 M&M
3%
Superfly (Original Motion Picture Soundtrack) Money Train
3%
Pluto 3D Neva End (Remix)
3%
Wrld on Drugs No Issues
3%
Superfly (Original Motion Picture Soundtrack) No Shame
3%
Superfly (Original Motion Picture Soundtrack) Nowhere
3%
Astronaut Status Nunbout
3%
Astronaut Status Rider
3%
Superfly (Original Motion Picture Soundtrack) Show My Chain Some Love
3%
Superfly (Original Motion Picture Soundtrack) Stains
3%
Pluto Straight Up
3%
Pluto The Future Is Now
3%
Single #7 Too Easy
3%
Pluto Truth Gonna Hurt You
3%
Single #10 Turn Yo Clic Up
3%
Superfly (Original Motion Picture Soundtrack) Walk on Minks
3%
Astronaut Status Abu Intro (Turn Up)
2%
True Story Ain't No Way Around It
2%
F.B.G: The Movie Chosen One
2%
56 Nights Da Fam on da Gram (Skit)
2%
Pluto x Baby Pluto F-Off Dat
2%
56 Nights Free At Last
2%
1000 Future Speaks (1)
2%
1000 Future Speaks (2)
2%
1000 Future Speaks (3)
2%
Dirty Sprite Future Speaks (Interlude)
2%
Purple Reign Hater Sh*t
2%
No Sleep Maison Margiela
2%
Astronaut Status My Ho 2
2%
Astronaut Status No Matter What
2%
No Sleep The Matrix Back to the Basics
2%
Single #3 Undefeated
2%
Superfly (Original Motion Picture Soundtrack) What's Up With That
2%
Astronaut Status Abu Outro
1%
1000 Ain Nun
1%
1000 All I Want Is Some Money
1%
1000 All the Time
1%
True Story Annoying
1%
F.B.G: The Movie Back At It
1%
Streetz Calling Back on E
1%
Streetz Calling Ball Forever
1%
Astronaut Status Best 2 Shine
1%
FDU & Free Bandz: Reloaded B***hes Ain't Sh*t
1%
True Story Bigger Picture
1%
True Story Blast Off
1%
Streetz Calling Can't Make This Up
1%
F.B.G: The Movie Cee-Lo
1%
True Story Championship Music
1%
F.B.G: The Movie DNA
1%
1000 Do It to Em
1%
Streetz Calling Easter Pink
1%
1000 Everbody
1%
F.B.G: The Movie Everything Ours
1%
True Story Feeling I Get
1%
F.B.G: The Movie Finessin
1%
F.B.G: The Movie Fo' Real
1%
F.B.G: The Movie Freeband Taliban
1%
Pluto Go Harder
1%
Streetz Calling Gone to the Moon
1%
1000 Good Look
1%
Streetz Calling If You Knew What It Took
1%
Purple Reign In Abundance
1%
1000 Just Like I Want
1%
F.B.G: The Movie Keep on Shinin'
1%
Black Woodstock: The Soundtrack Keys
1%
1000 Life of a G
1%
1000 Like Ohh
1%
Black Panther: Wakanda Forever - Music From and Inspired By Limoncello
1%
True Story Long Time Coming
1%
Streetz Calling Made Myself a Boss
1%
F.B.G: The Movie Mark McGwire
1%
F.B.G: The Movie Missing
1%
Streetz Calling Name Hold Weight
1%
Streetz Calling Never Be the Same
1%
Astronaut Status Never Seen These
1%
Astronaut Status Never Seen These (Skit)
1%
No Sleep No Sleep Intro
1%
1000 Notice Me
1%
Dirty Sprite On 2 Us
1%
True Story One Minute
1%
True Story Out Da Mudd
1%
Dirty Sprite Pajamas
1%
Pluto Paradise
1%
Streetz Calling Power of That P
1%
Black Woodstock: The Soundtrack Rehab (Amy Winehouse)
1%
True Story Rite by Young Scooter
1%
Kno Mercy Road to Riches
1%
Streetz Calling Running Through a Check
1%
Free Bricks 2K16 Selling Heroin
1%
Astronaut Status Shopping Spree
1%
True Story Show Money
1%
True Story Smoke & Mirrors
1%
1000 So Cold
1%
Dirty Sprite So Cold (Interlude)
1%
Astronaut Status Spaz On Y'All
1%
1000 Splurge
1%
Dirty Sprite Stand
1%
1000 Statistics
1%
1000 Stop Playing Big Bank Black
1%
Astronaut Status Swap It Out
1%
Streetz Calling The Way It Go
1%
Pluto 3D Tony Montana (Remix)
1%
Streetz Calling Unconditional Love
1%
Black Woodstock: The Soundtrack Wake Bake
1%
Kno Mercy Watch This
1%
Dirty Sprite We On Top
1%
Dirty Sprite We Winnin
1%
F.B.G: The Movie Whip Game
1%
No Sleep Wolf
1%
Streetz Calling Word to My Muva
1%
1000 Yeah Yeah
1%
Dirty Sprite Yeah Yeah (Remix)
1%
F.B.G: The Movie You Wonder
1%
Dirty Sprite 4 My People
0%
Free Bricks 2K16 All Shooters
0%
FDU & Freebandz B***h Waitin' at Home
0%
F.B.G: The Movie Billionaire Minds
0%
Kno Mercy Bishop Certified Legendary Speaks (Interlude)
0%
Black Woodstock: The Soundtrack Blow Them Bands
0%
Black Woodstock: The Soundtrack Brain On Drugz
0%
Kno Mercy Built to Last
0%
Single #2 Bum Bum Tam Tam (Remix)
0%
Free Bricks Can't Turn Me Down
0%
No Sleep Club On Smash
0%
Kno Mercy Code We Honor
0%
Dirty Sprite Concieted
0%
Kno Mercy Count Up
0%
No Sleep Day One
0%
Free Bricks Dead People
0%
Free Bricks 2K16 Die a Gangsta
0%
Kno Mercy DJ Bobby Black Speaks (Interlude)
0%
No Sleep DJ X-Rated Frees
0%
FDU & Freebandz Eyes On You
0%
FDU & Freebandz FDU Freebandz
0%
Pluto Fishscale
0%
No Sleep F**k You Gone Tell
0%
Free Bricks Flossin'
0%
True Story Freebandz Gang
0%
Kno Mercy Gettin' It In
0%
Free Bricks Go for It
0%
Free Bricks Gucci Terintino
0%
Black Woodstock: The Soundtrack Hands On You
0%
Single #6 Hard for the Next
0%
FDU & Freebandz I Can't Make This Up
0%
Dirty Sprite I Got Yo B***h
0%
F.B.G: The Movie INTL Swagger
0%
Free Bricks 2K16 Kind a Dope
0%
Free Bricks Lamborghini
0%
Kno Mercy Lil Mexico Lingo
0%
Kno Mercy Look What U Started
0%
Free Bricks Lost It
0%
Dirty Sprite Much More
0%
Free Bricks Nasty
0%
Dirty Sprite Never Been This High
0%
FDU & Freebandz Never Gonna Stop
0%
FDU & Freebandz No Cuffin
0%
Black Woodstock: The Soundtrack No Favors
0%
Kno Mercy Old Hundreds
0%
Free Bricks On Some Other Sh*t
0%
Dirty Sprite Pop Them Bands
0%
Black Woodstock: The Soundtrack Prech to Them
0%
FDU & Freebandz Pussy So Good
0%
Dirty Sprite Racks by YC
0%
Single Real and True
0%
Free Bricks 2K16 RR Trucks
0%
F.B.G: The Movie See It to Believe
0%
FDU & Freebandz Shinin'
0%
FDU & Free Bandz: Reloaded Shinin' (Remix)
0%
Dirty Sprite Splashin'
0%
Free Bricks Stevie Wonder
0%
Black Woodstock: The Soundtrack Suffocate
0%
Black Woodstock: The Soundtrack Take This 4 Granted
0%
No Sleep That's the Way the Game Goes
0%
No Sleep The Return of Abu
0%
Kno Mercy Thug Song
0%
Dirty Sprite Upper Echelon
0%
Black Woodstock: The Soundtrack We Made Our Own
0%
Black Woodstock: The Soundtrack Wut We Call It
0%
Free Bricks 2K16 Zone 6
0%
No matching quizzes found
Score Distribution
Percent of People with Each Score
Percentile by Number Answered
Your Score History
You have not taken this quiz since the last reset